Il supermaschio /

Guardat en:
Dades bibliogràfiques
Autors principals: Jarry, Alfred (Autor), Reigner, Henri : de (Autor)
Altres autors: Agamben, Giorgio
Format: Llibre
Idioma:italià
Publicat: Milano : ES, [1991]
Col·lecció:Biblioteca dell'eros ; 10
Etiquetes: Afegir etiqueta
Sense etiquetes, Sigues el primer a etiquetar aquest registre!

MARC

LEADER 00000nam a22000007i 4500
001 IT\ICCU\CFI\0311319
003 ItRI
005 20260115231943.0
008 960228s1991 it |||||| ||||| |||||c
020 |a 8885357105 
040 |b ita  |c importazione bologna sebina 
041 7 |a ita  |2 ISO-639-2 
082 |a 843.8  |9 NARRATIVA FRANCESE. 1848-1900  |2 20 
100 1 |a Jarry, Alfred  |0 IT\ICCU\CFIV\031344  |4 aut 
240 1 3 |a Le surmâle  |3 IT\ICCU\RAV\0049938  |9 Jarry, Alfred 
245 1 3 |a Il supermaschio /  |c Alfred Jarry ; traduzione di Giorgio Agamben ; con uno scritto di Henri De Reigner. 
260 |a Milano :  |b ES,  |c [1991] 
300 |a 153 p. ;  |c 22 cm. 
700 1 |a Agamben, Giorgio  |0 IT\ICCU\CFIV\011953 
700 1 |a Reigner, Henri : de  |0 IT\ICCU\VIAV\101541  |4 aut 
830 0 |a Biblioteca dell'eros ;  |v 10  |0 IT\ICCU\RAV\0141351 
942 |2 ddc  |c BK  |n 0 
952 |0 0  |1 0  |4 0  |6 DOC_843_800000000000000_JAR  |7 0  |9 17740  |a BO  |b BO  |d 2026-01-15  |i 15574  |l 0  |o DOC 843.8 JAR  |p BO15574  |r 2026-01-15 23:19:43  |w 2026-01-15  |x [Sebina 5] [1 v.]  |y BK  |z 1 v. 
999 |c 15100  |d 15100